ბათუმის შოთა რუსთაველის სახელმწიფო უნივერსიტეტის ბიბლიოთეკა

ქიმია და სასოფლო-სამეურნეო ანალიზი (ბიბ.ჩანაწერი № 44480)

000 -LEADER
fixed length control field 00892nam a2200229Ia 4500
001 - CONTROL NUMBER
control field 11278
003 - CONTROL NUMBER IDENTIFIER
control field GE_BSU
008 - FIXED-LENGTH DATA ELEMENTS--GENERAL INFORMATION
fixed length control field 181216s||||||||xx |||||||||||||| ||und||
040 ## - CATALOGING SOURCE
Transcribing agency GE_BSU
080 ## - UNIVERSAL DECIMAL CLASSIFICATION NUMBER
Universal Decimal Classification number 54(075.32)
100 ## - MAIN ENTRY--PERSONAL NAME
Personal name კოსტავა ი. ცაგაღეიშვილი შ.
245 ## - TITLE STATEMENT
Title ქიმია და სასოფლო-სამეურნეო ანალიზი
245 ## - TITLE STATEMENT
Remainder of title სახელმძღვ. სას-სამ. ტექნიკუმების მოსწავლეთათვის
245 ## - TITLE STATEMENT
Statement of responsibility, etc. რედ: თ. კობერიძე
260 ## - PUBLICATION, DISTRIBUTION, ETC.
Place of publication, distribution, etc. თბილისი.
260 ## - PUBLICATION, DISTRIBUTION, ETC.
Name of publisher, distributor, etc. განათლება.
260 ## - PUBLICATION, DISTRIBUTION, ETC.
Date of publication, distribution, etc. 1968
300 ## - PHYSICAL DESCRIPTION
Extent 447გვ.22სმ.
300 ## - PHYSICAL DESCRIPTION
Accompanying material ცხრ.
653 ## - INDEX TERM--UNCONTROLLED
Uncontrolled term ქიმია და სასოფლო-სამეურნეო ანალიზი
942 ## - ADDED ENTRY ELEMENTS (KOHA)
Koha item type წიგნი
ეგზემპლარები
Withdrawn status Lost status Damaged status Not for loan Date acquired Barcode Date last seen Price effective from Koha item type
        2018-12-17 19541 2018-12-17 2018-12-17 წიგნი
        2018-12-17 19542 2018-12-17 2018-12-17 წიგნი
        2018-12-17 19543 2018-12-17 2018-12-17 წიგნი
        2018-12-17 19544 2018-12-17 2018-12-17 წიგნი
        2018-12-17 19545 2018-12-17 2018-12-17 წიგნი